Loading...
Science - Chemistry | 2 | 5 | 1 | 1 | 75 | 47 | 95.43 | 2 | 2 |
Science - Biology | 0 | 6 | 0 | 0 | 60 | 84 | 101.17 | 0 | 3 |
Science - Physics | 0 | 5 | 1 | 1 | 45 | 78 | 125.00 | 1 | 2 |
Science - Other Science | 1 | 3 | 1 | 1 | 40 | 47 | 89.50 | 0 | 0 |
Fine Arts - Visual Fine Arts | 1 | 2 | 0 | 2 | 35 | 85 | 127.67 | 1 | 1 |
Fine Arts - Other Fine Arts | 0 | 3 | 0 | 0 | 30 | 80 | 110.00 | 1 | 1 |
Literature - American Literature | 0 | 3 | 0 | 0 | 30 | 106 | 119.33 | 0 | 0 |
Fine Arts - Classical Music and Opera | 0 | 2 | 0 | 0 | 20 | 92 | 118.00 | 0 | 1 |
Geography | 0 | 2 | 0 | 0 | 20 | 103 | 117.50 | 0 | 1 |
Beliefs | 0 | 4 | 4 | 0 | 20 | 120 | 131.50 | 1 | 2 |
Philosophy | 0 | 2 | 1 | 0 | 15 | 132 | 138.50 | 0 | 0 |
Social Science | 0 | 1 | 0 | 0 | 10 | 89 | 89.00 | 0 | 1 |
Modern World | 0 | 1 | 0 | 0 | 10 | 77 | 77.00 | 0 | 0 |
Science - Earth Science | 1 | 0 | 1 | 0 | 10 | 63 | 63.00 | 1 | 1 |
History - Other History | 0 | 1 | 1 | 0 | 5 | 86 | 86.00 | 0 | 0 |
History - US History | 0 | 0 | 0 | 0 | 0 | 0.00 | 0 | 0 | |
Literature - British Literature | 0 | 0 | 0 | 0 | 0 | 0.00 | 0 | 0 | |
History - European History | 0 | 0 | 1 | 0 | -5 | 0.00 | 0 | 0 |